[Event "Sao Paulo Cordiolla Memorial"]
[Site "Sao Paulo"]
[Date "2015.09.05"]
[Round "2"]
[White "Mekhitarian, Krikor Sevag"]
[Black "De Moura, Sergio Jovelino"]
[Result "1-0"]
[WhiteElo "2554"]
[BlackElo "2061"]
[PlyCount "57"]
[EventDate "2015.09.05"]
[EventType "swiss"]
[EventRounds "6"]
[EventCountry "BRA"]
[SourceTitle "EXT 2016"]
[Source "ChessBase"]
[SourceDate "2015.10.08"]
[SourceVersion "1"]
[SourceVersionDate "2015.10.08"]
[SourceQuality "1"]

1. e4 c5 2. Nf3 d6 3. d4 cxd4 4. Nxd4 Nf6 5. Nc3 a6 6. h3 e5 7. Nde2 h5 8. g3
Be7 9. Bg2 Nbd7 10. a4 b6 11. Nd5 Nxd5 12. Qxd5 Rb8 13. Nc3 Bb7 14. Qd1 Nf6 15.
O-O Rc8 16. Qd3 Qc7 17. Be3 O-O 18. Rac1 Qc4 19. Bxb6 Qb4 20. Be3 Qxb2 21. Rb1
Qxc3 22. Rxb7 Qxd3 23. cxd3 Bd8 24. Ra7 Rc6 25. Rc1 Rxc1+ 26. Bxc1 a5 27. Ra6
Bc7 28. Rc6 Ne8 29. Bf3 1-0

[Event "Sao Paulo Cordiolla Memorial"]
[Site "Sao Paulo"]
[Date "2015.09.06"]
[Round "3"]
[White "Bispo, Leonardo"]
[Black "Mekhitarian, Krikor Sevag"]
[Result "0-1"]
[WhiteElo "2197"]
[BlackElo "2554"]
[PlyCount "128"]
[EventDate "2015.09.05"]
[EventType "swiss"]
[EventRounds "6"]
[EventCountry "BRA"]
[SourceTitle "EXT 2016"]
[Source "ChessBase"]
[SourceDate "2015.10.08"]
[SourceVersion "1"]
[SourceVersionDate "2015.10.08"]
[SourceQuality "1"]

1. d4 Nf6 2. c4 g6 3. Nf3 Bg7 4. Nc3 d5 5. Bg5 dxc4 6. e3 Be6 7. Ne5 Nd5 8.
Nxc4 c5 9. Qa4+ Nc6 10. Nxd5 Qxd5 11. Nb6 Qxg5 12. Nxa8 O-O 13. h4 Qf5 14. Nc7
Bc8 15. Qc4 cxd4 16. Qd5 Nb4 17. Qxf5 Bxf5 18. Ke2 Rc8 19. Nb5 dxe3 20. Nc3
exf2 21. Kxf2 Bd4+ 22. Kf3 Be5 23. Kf2 Bd4+ 24. Kg3 h5 25. Be2 Be5+ 26. Kf2
Bd4+ 27. Kg3 Bxc3 28. bxc3 Rxc3+ 29. Kh2 Kg7 30. Rhc1 Re3 31. Bf1 b6 32. Re1
Rxe1 33. Rxe1 Kf6 34. Re3 Be6 35. a3 Nd5 36. Re4 Bf5 37. Ra4 a5 38. Rc4 Ke5 39.
Be2 Bd7 40. Bf3 b5 41. Re4+ Kd6 42. Kg3 e5 43. Re1 Nc3 44. Kf2 Be6 45. Ke3 f5
46. Kd3 b4 47. Kc2 e4 48. axb4 axb4 49. Be2 f4 50. Bf1 Ke5 51. Ra1 Nd5 52. Kd2
Kd4 53. Ra6 Bf5 54. Rc6 b3 55. Rc4+ Ke5 56. Rc5 b2 57. Kc2 Kd6 58. Ra5 Ne3+ 59.
Kxb2 Nxf1 60. Kc3 Ne3 61. Ra2 Ke5 62. Ra5+ Kd6 63. Ra2 Be6 64. Rb2 Nd1+ 0-1

[Event "Sao Paulo Cordiolla Memorial"]
[Site "Sao Paulo"]
[Date "2015.09.06"]
[Round "4"]
[White "Mekhitarian, Krikor Sevag"]
[Black "Santos, Marcus Vinicius M"]
[Result "1-0"]
[WhiteElo "2554"]
[BlackElo "2351"]
[PlyCount "81"]
[EventDate "2015.09.05"]
[EventType "swiss"]
[EventRounds "6"]
[EventCountry "BRA"]
[SourceTitle "EXT 2016"]
[Source "ChessBase"]
[SourceDate "2015.10.08"]
[SourceVersion "1"]
[SourceVersionDate "2015.10.08"]
[SourceQuality "1"]

1. d4 g6 2. e4 Bg7 3. Nc3 d6 4. Be3 a6 5. h4 Nf6 6. f3 b5 7. Qd2 h5 8. O-O-O c6
9. Kb1 b4 10. Na4 a5 11. Nh3 Bxh3 12. Rxh3 O-O 13. g4 Nbd7 14. gxh5 Nxh5 15. f4
c5 16. d5 Ndf6 17. Qg2 Rb8 18. e5 Nh7 19. Be2 Kh8 20. Bxh5 gxh5 21. Rg3 Rg8 22.
Rg1 Bh6 23. Rxg8+ Qxg8 24. Qf3 Qf8 25. Qxh5 Bg7 26. b3 f5 27. Bxc5 dxe5 28.
fxe5 Bxe5 29. Rf1 Bf6 30. Qxf5 Qg7 31. Rg1 Qh6 32. Bxe7 Bg7 33. d6 Qe3 34. Qg4
Bh6 35. Qd1 Bg7 36. Re1 Qf2 37. d7 Nf6 38. d8=Q+ Rxd8 39. Qxd8+ Ng8 40. Qd1
Nxe7 41. Rxe7 1-0

[Event "Campo Grande Brasil op"]
[Site "Campo Grande"]
[Date "2015.10.09"]
[Round "1"]
[White "Mekhitarian, Krikor Sevag"]
[Black "De Souza, Genilson Messias"]
[Result "1-0"]
[WhiteElo "2551"]
[BlackElo "1807"]
[PlyCount "65"]
[EventDate "2015.10.09"]
[EventType "swiss"]
[EventRounds "7"]
[EventCountry "BRA"]
[SourceTitle "CBM 168 Extra"]
[Source "ChessBase"]
[SourceDate "2015.10.29"]
[SourceVersion "1"]
[SourceVersionDate "2015.10.29"]
[SourceQuality "1"]

1. e4 d6 2. d4 c6 3. Nc3 Nf6 4. f4 Qa5 5. Bd3 e5 6. Nf3 Bg4 7. Be3 Nbd7 8. h3
Bxf3 9. Qxf3 Be7 10. O-O h6 11. Ne2 Rg8 12. c3 exf4 13. Bxf4 g5 14. Bh2 g4 15.
hxg4 Rxg4 16. Ng3 O-O-O 17. Nf5 Bf8 18. a4 Rg6 19. b4 Qc7 20. b5 c5 21. a5 b6
22. e5 dxe5 23. axb6 Qb7 24. bxa7 Qxf3 25. Rxf3 Kb7 26. dxe5 Ng4 27. Be4+ Kb6
28. a8=Q Rxa8 29. Rxa8 c4 30. Nd4 Nxh2 31. Rxf7 Rg4 32. Ra6+ Kc7 33. Ne6+ 1-0

[Event "Campo Grande Brasil op"]
[Site "Campo Grande"]
[Date "2015.10.10"]
[Round "2"]
[White "Stivanelli, Leonardo Alexandre"]
[Black "Mekhitarian, Krikor Sevag"]
[Result "0-1"]
[WhiteElo "1955"]
[BlackElo "2551"]
[PlyCount "58"]
[EventDate "2015.10.09"]
[EventType "swiss"]
[EventRounds "7"]
[EventCountry "BRA"]
[SourceTitle "CBM 168 Extra"]
[Source "ChessBase"]
[SourceDate "2015.10.29"]
[SourceVersion "1"]
[SourceVersionDate "2015.10.29"]
[SourceQuality "1"]

1. d4 Nf6 2. Nf3 g6 3. e3 Bg7 4. Be2 O-O 5. O-O d5 6. b3 c5 7. Bb2 cxd4 8. exd4
Nc6 9. Nbd2 Bf5 10. Ne5 Nxe5 11. dxe5 Nd7 12. f4 Rc8 13. c4 Nc5 14. Nf3 dxc4
15. Bxc4 Bd3 16. Bxd3 Nxd3 17. Qd2 Bh6 18. Nd4 Nxb2 19. Qxb2 Qb6 20. Kh1 Rfd8
21. Rad1 e6 22. Qf2 Bf8 23. Qb2 Rc4 24. Ne2 Rxd1 25. Rxd1 Re4 26. Qc2 Qe3 27.
Ng1 Qxf4 28. Qc8 b6 29. Rd8 Re1 0-1

[Event "Campo Grande Brasil op"]
[Site "Campo Grande"]
[Date "2015.10.10"]
[Round "3"]
[White "Mekhitarian, Krikor Sevag"]
[Black "Carvalho, Herbert Abreu"]
[Result "1-0"]
[WhiteElo "2551"]
[BlackElo "2153"]
[PlyCount "79"]
[EventDate "2015.10.09"]
[EventType "swiss"]
[EventRounds "7"]
[EventCountry "BRA"]
[SourceTitle "CBM 168 Extra"]
[Source "ChessBase"]
[SourceDate "2015.10.29"]
[SourceVersion "1"]
[SourceVersionDate "2015.10.29"]
[SourceQuality "1"]

1. e4 e5 2. Nf3 Nc6 3. Bb5 a6 4. Ba4 Nf6 5. O-O Be7 6. Re1 b5 7. Bb3 d6 8. c3
O-O 9. h3 Na5 10. Bc2 c5 11. d4 Qc7 12. Nbd2 Nd7 13. d5 Nb6 14. b3 Bd7 15. Nf1
c4 16. b4 Nb7 17. g4 a5 18. Ng3 axb4 19. cxb4 Rfc8 20. Kh2 Na4 21. a3 c3 22.
Nf5 Bf8 23. Ng1 Ra6 24. Qf3 Nd8 25. Ne2 f6 26. g5 fxg5 27. Bxg5 Be8 28. Rg1 Bg6
29. h4 Qf7 30. Neg3 Nb6 31. h5 Bxf5 32. Nxf5 Kh8 33. Qh3 Raa8 34. Rg3 Nd7 35.
Be7 Nf6 36. Bxd6 Rc4 37. Bxe5 Qxh5 38. Bxf6 Qxh3+ 39. Kxh3 gxf6 40. Rag1 1-0

[Event "Campo Grande Brasil op"]
[Site "Campo Grande"]
[Date "2015.10.11"]
[Round "4"]
[White "Freire Dos Santos, Fernando Juni"]
[Black "Mekhitarian, Krikor Sevag"]
[Result "0-1"]
[WhiteElo "2193"]
[BlackElo "2551"]
[PlyCount "50"]
[EventDate "2015.10.09"]
[EventType "swiss"]
[EventRounds "7"]
[EventCountry "BRA"]
[SourceTitle "CBM 168 Extra"]
[Source "ChessBase"]
[SourceDate "2015.10.29"]
[SourceVersion "1"]
[SourceVersionDate "2015.10.29"]
[SourceQuality "1"]

1. Nf3 d5 2. b3 c5 3. e3 a6 4. c4 d4 5. exd4 cxd4 6. Ba3 Nc6 7. d3 e5 8. Bxf8
Kxf8 9. Be2 f5 10. O-O e4 11. Ne1 Nf6 12. Nd2 Kf7 13. a3 a5 14. Qb1 Qe7 15. Nc2
Rd8 16. Re1 Qc7 17. Qb2 Ne5 18. Nxd4 Neg4 19. Bxg4 Nxg4 20. Nf1 Qe5 21. h3 Nf6
22. dxe4 Qxd4 23. Qe2 Qxe4 24. Qa2 Qc6 25. Nd2 Kg8 0-1

[Event "Campo Grande Brasil op"]
[Site "Campo Grande"]
[Date "2015.10.11"]
[Round "5"]
[White "Mekhitarian, Krikor Sevag"]
[Black "Supi, Luis Paulo"]
[Result "0-1"]
[WhiteElo "2551"]
[BlackElo "2441"]
[PlyCount "52"]
[EventDate "2015.10.09"]
[EventType "swiss"]
[EventRounds "7"]
[EventCountry "BRA"]
[SourceTitle "CBM 168 Extra"]
[Source "ChessBase"]
[SourceDate "2015.10.29"]
[SourceVersion "1"]
[SourceVersionDate "2015.10.29"]
[SourceQuality "1"]

1. e4 c5 2. Nf3 Nc6 3. Bb5 Nf6 4. Nc3 Qc7 5. O-O Nd4 6. Re1 a6 7. Bc4 d6 8. Nd5
Nxd5 9. exd5 g6 10. Nxd4 cxd4 11. d3 h6 12. a4 Bg7 13. a5 O-O 14. Bd2 Kh7 15.
Ra3 Bf5 16. g4 Bd7 17. Rxe7 Qd8 18. Qe1 Bxg4 19. Rb3 Rb8 20. Rb6 Bf3 21. Re4 f5
22. Re7 Re8 23. Rxe8 Qh4 24. Qe2 Qg4+ 25. Kf1 Qg2+ 26. Ke1 Rxe8 0-1

[Event "Campo Grande Brasil op"]
[Site "Campo Grande"]
[Date "2015.10.12"]
[Round "6"]
[White "Serafim Junior, Arnor"]
[Black "Mekhitarian, Krikor Sevag"]
[Result "0-1"]
[WhiteElo "1849"]
[BlackElo "2551"]
[PlyCount "88"]
[EventDate "2015.10.09"]
[EventType "swiss"]
[EventRounds "7"]
[EventCountry "BRA"]
[SourceTitle "CBM 168 Extra"]
[Source "ChessBase"]
[SourceDate "2015.10.29"]
[SourceVersion "1"]
[SourceVersionDate "2015.10.29"]
[SourceQuality "1"]

1. Nf3 d5 2. g3 g6 3. Bg2 Bg7 4. O-O Nf6 5. d3 O-O 6. Nbd2 c5 7. c3 Nc6 8. Re1
e6 9. e4 a5 10. a4 b6 11. Nf1 e5 12. Bg5 d4 13. Qc2 h6 14. Bxf6 Bxf6 15. N1d2
Bg7 16. Nc4 Be6 17. Rad1 Qc7 18. Na3 Rae8 19. Nb5 Qd7 20. Nh4 Bf6 21. Nf3 Kh7
22. h4 Rd8 23. Kh2 Bg4 24. Rd2 Kg7 25. Ng1 g5 26. f3 Be6 27. h5 g4 28. Rf1 dxc3
29. bxc3 c4 30. Rdf2 cxd3 31. Qd2 Bg5 32. f4 exf4 33. gxf4 Bh4 34. f5 g3+ 35.
Kh3 gxf2 36. Kxh4 fxg1=Q 37. Rxg1 Kh7 38. fxe6 Qe7+ 39. Kh3 Qxe6+ 40. Kh4 Rg8
41. Qf4 Ne5 42. Qf5+ Qxf5 43. exf5 d2 44. Be4 Rxg1 0-1

[Event "Campo Grande Brasil op"]
[Site "Campo Grande"]
[Date "2015.10.12"]
[Round "7"]
[White "Mekhitarian, Krikor Sevag"]
[Black "Osipi, Jair"]
[Result "1-0"]
[WhiteElo "2551"]
[BlackElo "2201"]
[PlyCount "119"]
[EventDate "2015.10.09"]
[EventType "swiss"]
[EventRounds "7"]
[EventCountry "BRA"]
[SourceTitle "CBM 168 Extra"]
[Source "ChessBase"]
[SourceDate "2015.10.29"]
[SourceVersion "1"]
[SourceVersionDate "2015.10.29"]
[SourceQuality "1"]

1. e4 e5 2. Nf3 Nc6 3. Bb5 a6 4. Ba4 Nf6 5. O-O Be7 6. Re1 b5 7. Bb3 d6 8. c3
O-O 9. h3 Na5 10. Bc2 c5 11. d4 Qc7 12. Nbd2 Bd7 13. Nf1 Rfe8 14. Ng3 cxd4 15.
cxd4 Rac8 16. Bd3 h6 17. b3 Bf8 18. Bb2 Nc6 19. Rc1 Qb8 20. Bb1 a5 21. Qd2 Qb6
22. a3 g6 23. Rcd1 Bg7 24. d5 Nd8 25. b4 Nb7 26. Bd3 Rf8 27. Kh1 Ra8 28. Nh2
axb4 29. axb4 Ra2 30. Bb1 Ra4 31. Rf1 Ne8 32. f4 Qd8 33. f5 Nf6 34. Bc2 Ra2 35.
Bb3 Ra8 36. Qe2 Qe7 37. Rc1 Rfc8 38. Rce1 Rf8 39. Ra1 Rfc8 40. Rae1 Rf8 41. Rf2
Rad8 42. Ngf1 Kh7 43. g4 Ng8 44. Ng3 g5 45. Kg2 Rb8 46. Nf3 Rfc8 47. Rh1 Nf6
48. h4 gxh4 49. Rxh4 Kg8 50. g5 hxg5 51. Nxg5 Kf8 52. Nh5 Nxh5 53. Qxh5 Bf6 54.
Nh7+ Ke8 55. Rg4 Kd8 56. Qh6 Bh8 57. Bc1 f6 58. Be3 Qf7 59. Nf8 Kc7 60. Ne6+
1-0

[Event "Barreirinhas Athenas op"]
[Site "Barreirinhas"]
[Date "2015.10.16"]
[Round "1"]
[White "Cunha Filho, Gilberto"]
[Black "Mekhitarian, Krikor Sevag"]
[Result "0-1"]
[WhiteElo "1875"]
[BlackElo "2551"]
[PlyCount "72"]
[EventDate "2015.10.16"]
[EventType "swiss"]
[EventRounds "6"]
[EventCountry "BRA"]
[SourceTitle "CBM 168 Extra"]
[Source "ChessBase"]
[SourceDate "2015.10.29"]
[SourceVersion "1"]
[SourceVersionDate "2015.10.29"]
[SourceQuality "1"]

1. e4 c5 2. Nf3 e6 3. d3 Nc6 4. g3 g6 5. Bg2 Bg7 6. O-O d5 7. Nbd2 Nf6 8. Re1
O-O 9. Qe2 a5 10. Nf1 e5 11. exd5 Nxd5 12. Ne3 Be6 13. c3 Re8 14. Nc4 Bf5 15.
Nh4 Nxc3 16. bxc3 Bxd3 17. Qe3 Bxc4 18. Bxc6 bxc6 19. Qxc5 Qd5 20. Qa3 Bf8 21.
Qb2 Qd3 22. Be3 Rab8 23. Qc1 Bd5 24. Qd2 Qc4 25. Ng2 a4 26. Qc2 a3 27. Bd2 Rb2
28. Qc1 Bxg2 29. Kxg2 Qd5+ 30. Kg1 Rxd2 31. c4 Qd4 32. Rf1 Bc5 33. Qe1 Rb8 34.
Rd1 Rxd1 35. Qxd1 Qxd1 36. Rxd1 Rb2 0-1

[Event "Barreirinhas Athenas op"]
[Site "Barreirinhas"]
[Date "2015.10.16"]
[Round "2"]
[White "Mekhitarian, Krikor Sevag"]
[Black "Luz, Edmundo Reis"]
[Result "1-0"]
[WhiteElo "2551"]
[BlackElo "2106"]
[PlyCount "113"]
[EventDate "2015.10.16"]
[EventType "swiss"]
[EventRounds "6"]
[EventCountry "BRA"]
[SourceTitle "CBM 168 Extra"]
[Source "ChessBase"]
[SourceDate "2015.10.29"]
[SourceVersion "1"]
[SourceVersionDate "2015.10.29"]
[SourceQuality "1"]

1. e4 d6 2. d4 g6 3. Nc3 Bg7 4. Be3 Nf6 5. f3 Nc6 6. Qd2 e5 7. d5 Nb8 8. O-O-O
h5 9. Kb1 a6 10. h4 b5 11. Nh3 Nbd7 12. Ng5 Nb6 13. Bd3 Bd7 14. Rhf1 b4 15. Ne2
Na4 16. b3 Nc5 17. Qxb4 a5 18. Qc4 Nxd3 19. cxd3 a4 20. b4 a3 21. d4 Qb8 22.
Nc3 O-O 23. dxe5 dxe5 24. Bc5 Rc8 25. f4 Ng4 26. d6 Rf8 27. dxc7 Qxc7 28. Nd5
Qb7 29. Ne7+ Kh8 30. Qd5 Qxd5 31. Nxd5 Bb5 32. Bxf8 Rxf8 33. f5 Bxf1 34. Rxf1
gxf5 35. Rxf5 Nh6 36. Rf3 f5 37. Rxa3 fxe4 38. Nxe4 Rf1+ 39. Kc2 Re1 40. Ng5
Rf1 41. Ra8+ Rf8 42. Rxf8+ Bxf8 43. a4 Nf5 44. a5 Nd4+ 45. Kd3 Nc6 46. a6 Bxb4
47. a7 Nxa7 48. Nxb4 Kg7 49. Ke4 Nc8 50. Kxe5 Ne7 51. g3 Kg6 52. Nd5 Nc6+ 53.
Ke4 Nd8 54. Nf4+ Kh6 55. Kd5 Nb7 56. Nge6 Na5 57. Nc5 1-0

[Event "Barreirinhas Athenas op"]
[Site "Barreirinhas"]
[Date "2015.10.17"]
[Round "3"]
[White "Santiago, Yago de Moura"]
[Black "Mekhitarian, Krikor Sevag"]
[Result "0-1"]
[WhiteElo "2402"]
[BlackElo "2551"]
[PlyCount "104"]
[EventDate "2015.10.16"]
[EventType "swiss"]
[EventRounds "6"]
[EventCountry "BRA"]
[SourceTitle "CBM 168 Extra"]
[Source "ChessBase"]
[SourceDate "2015.10.29"]
[SourceVersion "1"]
[SourceVersionDate "2015.10.29"]
[SourceQuality "1"]

1. c4 c5 2. Nf3 Nc6 3. d4 cxd4 4. Nxd4 Nf6 5. Nc3 e5 6. Ndb5 d6 7. e4 a6 8. Na3
Be7 9. Bd3 O-O 10. O-O Bg4 11. f3 Be6 12. Be3 Nd7 13. Nc2 Bg5 14. Bf2 Bh4 15.
Be3 Bg5 16. Bf2 Rc8 17. b3 g6 18. Re1 Qa5 19. Nd5 Bxd5 20. exd5 Nb4 21. Nxb4
Qxb4 22. Bf1 Nc5 23. Re2 Rfe8 24. Rb1 e4 25. Rc2 exf3 26. Qxf3 Ne4 27. Bd4 f5
28. Ra1 Bf6 29. Qd3 Nc5 30. Qd1 Bxd4+ 31. Qxd4 Re4 32. Qd2 Qb6 33. Kh1 a5 34.
Rb1 Rce8 35. Rcb2 Re3 36. Qd4 R8e4 37. Qd2 Re5 38. Qd4 Qb4 39. Qh4 Ne4 40. a3
Qxa3 41. Qd8+ Kg7 42. Qc7+ Kh6 43. Qd8 Re8 44. Qh4+ Kg7 45. b4 a4 46. c5 Qc3
47. Ra2 a3 48. cxd6 Nxd6 49. Raa1 Ne4 50. Rc1 Qe5 51. Bb5 Rc8 52. Rd1 Nc3 0-1

[Event "Barreirinhas Athenas op"]
[Site "Barreirinhas"]
[Date "2015.10.18"]
[Round "5"]
[White "Mareco, Sandro"]
[Black "Mekhitarian, Krikor Sevag"]
[Result "1-0"]
[WhiteElo "2599"]
[BlackElo "2551"]
[PlyCount "103"]
[EventDate "2015.10.16"]
[EventType "swiss"]
[EventRounds "6"]
[EventCountry "BRA"]
[SourceTitle "CBM 168 Extra"]
[Source "ChessBase"]
[SourceDate "2015.10.29"]
[SourceVersion "1"]
[SourceVersionDate "2015.10.29"]
[SourceQuality "1"]

1. c4 Nf6 2. Nc3 e5 3. Nf3 Nc6 4. e3 Bb4 5. Qc2 Bxc3 6. Qxc3 Qe7 7. a3 d5 8.
cxd5 Nxd5 9. Qb3 Nb6 10. d3 O-O 11. Be2 a5 12. Bd2 a4 13. Qc3 Rd8 14. Rc1 Bf5
15. h3 e4 16. dxe4 Bxe4 17. O-O Rd5 18. Rfd1 Raa5 19. b4 axb3 20. Qxb3 Qxa3 21.
Qxa3 Rxa3 22. Bc3 Rxd1+ 23. Bxd1 h6 24. Nd4 Nd5 25. Nb5 Ra2 26. Bb3 Nxc3 27.
Nxc3 Rb2 28. Bxf7+ Kxf7 29. Nxe4 Rb4 30. f3 Ke7 31. Kf2 Kd7 32. Nc5+ Kd6 33.
Ne4+ Kd7 34. Nc5+ Kd6 35. g4 Ne5 36. f4 Nc6 37. Kf3 Rb5 38. Ne4+ Kd7 39. h4 b6
40. Ng3 Rb2 41. Nf5 b5 42. Nxg7 b4 43. Rd1+ Kc8 44. Nf5 b3 45. g5 hxg5 46. hxg5
Rh2 47. g6 Rh8 48. Kg4 Rd8 49. g7 Re8 50. Kg5 Na5 51. Kf6 Nc4 52. Kf7 1-0

[Event "Barreirinhas Athenas op"]
[Site "Barreirinhas"]
[Date "2015.10.18"]
[Round "6"]
[White "Mekhitarian, Krikor Sevag"]
[Black "Diamant, Andre"]
[Result "1/2-1/2"]
[WhiteElo "2551"]
[BlackElo "2492"]
[PlyCount "35"]
[EventDate "2015.10.16"]
[EventType "swiss"]
[EventRounds "6"]
[EventCountry "BRA"]
[SourceTitle "CBM 168 Extra"]
[Source "ChessBase"]
[SourceDate "2015.10.29"]
[SourceVersion "1"]
[SourceVersionDate "2015.10.29"]
[SourceQuality "1"]

1. e4 c5 2. Nf3 Nc6 3. Bb5 d6 4. O-O Bd7 5. Re1 a6 6. Bf1 Nf6 7. c3 Bg4 8. h3
Bh5 9. g4 Bg6 10. d4 cxd4 11. cxd4 e5 12. Nc3 Be7 13. d5 Nb8 14. Be3 Nbd7 15.
Nd2 h5 16. Bg2 hxg4 17. hxg4 Rc8 18. Nf1 1/2-1/2

[Event "Blumenau Region-ch sf"]
[Site "Blumenau"]
[Date "2015.10.30"]
[Round "1"]
[White "Mekhitarian, Krikor Sevag"]
[Black "Zacarias, Rodrigo Medeiros"]
[Result "1-0"]
[WhiteElo "2551"]
[BlackElo "2137"]
[PlyCount "53"]
[EventDate "2015.10.30"]
[EventType "swiss"]
[EventRounds "7"]
[EventCountry "BRA"]
[SourceTitle "CBM 169 Extra"]
[Source "ChessBase"]
[SourceDate "2015.12.18"]
[SourceVersion "1"]
[SourceVersionDate "2015.12.18"]
[SourceQuality "1"]

1. e4 c5 2. Nf3 Nc6 3. Bb5 e6 4. O-O Nge7 5. c3 a6 6. Ba4 Qc7 7. d4 cxd4 8.
cxd4 d5 9. e5 Bd7 10. Nc3 Nc8 11. Bf4 Nb6 12. Bb3 Qd8 13. Rc1 Rc8 14. a3 Be7
15. Ba2 Na5 16. Ne1 Nac4 17. b4 Nb2 18. Qg4 N6c4 19. Qxg7 Rf8 20. Qxh7 Nxa3 21.
Bh6 Bxb4 22. Bxf8 Bxf8 23. Nf3 b5 24. h4 b4 25. Ng5 Qe7 26. Nxd5 exd5 27. Bxd5
1-0

[Event "Blumenau Region-ch sf"]
[Site "Blumenau"]
[Date "2015.10.30"]
[Round "2"]
[White "Mandetta, Joao Danilo"]
[Black "Mekhitarian, Krikor Sevag"]
[Result "1/2-1/2"]
[WhiteElo "2297"]
[BlackElo "2551"]
[PlyCount "189"]
[EventDate "2015.10.30"]
[EventType "swiss"]
[EventRounds "7"]
[EventCountry "BRA"]
[SourceTitle "CBM 169 Extra"]
[Source "ChessBase"]
[SourceDate "2015.12.18"]
[SourceVersion "1"]
[SourceVersionDate "2015.12.18"]
[SourceQuality "1"]

1. g3 e5 2. Bg2 Nf6 3. c4 d5 4. cxd5 Nxd5 5. Nc3 Nb6 6. Nf3 Nc6 7. O-O Be7 8.
a3 Be6 9. b4 O-O 10. Rb1 f6 11. d3 a5 12. b5 Nd4 13. Nd2 Qc8 14. e3 Nf5 15. Qc2
a4 16. Bb2 Rd8 17. Rfc1 Nd6 18. Nde4 Bb3 19. Qe2 Nf7 20. Nd2 Be6 21. d4 exd4
22. exd4 Re8 23. Qf1 Bf8 24. Nd1 Ba2 25. Ra1 Bd5 26. Ne3 Bxg2 27. Qxg2 Ra5 28.
d5 Rxb5 29. Bd4 Qd7 30. Bxb6 Rxb6 31. Rc3 Rb2 32. Ndc4 Rb3 33. Rxb3 axb3 34.
Rb1 Qa4 35. Qf1 Bc5 36. Qd3 b5 37. Nd2 Qxa3 38. Qxb5 Nd6 39. Qxb3 Qa7 40. Ndf1
f5 41. Rc1 f4 42. gxf4 Bb6 43. Qc2 Qa3 44. Rb1 Ne4 45. Qc6 Qf8 46. Rb4 Nd6 47.
Ra4 h6 48. Kg2 Kh7 49. Qc2+ Kh8 50. Qg6 Re7 51. f5 Rf7 52. Rf4 Rf6 53. Qg4 g6
54. Ng3 Bxe3 55. fxe3 gxf5 56. Qh5 Kh7 57. Qf3 Qe8 58. Qf2 Qe5 59. e4 Kg6 60.
exf5+ Nxf5 61. Nxf5 Qxd5+ 62. Qf3 Qxf3+ 63. Rxf3 Rxf5 64. Rc3 c5 65. Rd3 h5 66.
Rd6+ Kg5 67. Re6 Kf4 68. Kf2 Re5 69. Rf6+ Rf5 70. Re6 Kg4+ 71. Kg2 Rf4 72. Rc6
Rc4 73. Rg6+ Kf5 74. Rh6 Kg5 75. Rc6 Rc3 76. Kf2 Kg4 77. Ke2 Kh3 78. Kd2 Rc4
79. Kd3 Rd4+ 80. Ke3 Rd5 81. Ke4 Rg5 82. Kf4 Rg4+ 83. Ke3 c4 84. Rc5 Rh4 85.
Kf2 Kxh2 86. Rf5 Kh1 87. Kg3 Rg4+ 88. Kf3 Rh4 89. Kg3 Rg4+ 90. Kf3 Kg1 91. Rxh5
Rd4 92. Ke3 Rd3+ 93. Ke4 Kf2 94. Rh2+ Ke1 95. Rc2 1/2-1/2

[Event "Blumenau Region-ch sf"]
[Site "Blumenau"]
[Date "2015.10.31"]
[Round "3"]
[White "Mekhitarian, Krikor Sevag"]
[Black "Freire Dos Santos, Fernando Juni"]
[Result "1-0"]
[WhiteElo "2551"]
[BlackElo "2193"]
[PlyCount "67"]
[EventDate "2015.10.30"]
[EventType "swiss"]
[EventRounds "7"]
[EventCountry "BRA"]
[SourceTitle "CBM 169 Extra"]
[Source "ChessBase"]
[SourceDate "2015.12.18"]
[SourceVersion "1"]
[SourceVersionDate "2015.12.18"]
[SourceQuality "1"]

1. e4 e6 2. d4 d5 3. Nc3 Nf6 4. e5 Nfd7 5. f4 c5 6. Nf3 Nc6 7. Be3 Qb6 8. Qd2
c4 9. Rb1 Qa5 10. Be2 b5 11. a3 Nb6 12. O-O Bd7 13. Qe1 h6 14. Bd2 Qa6 15. b3
Ne7 16. a4 bxa4 17. bxa4 Nxa4 18. Ra1 Nc8 19. f5 Ncb6 20. fxe6 fxe6 21. Qh4 Be7
22. Bg5 Nc8 23. Bxe7 Nxe7 24. Ng5 O-O-O 25. Nf7 Nf5 26. Qf2 Qa5 27. Nxa4 Bxa4
28. Nxh8 Rxh8 29. Bg4 g6 30. Rfb1 Rh7 31. Bxf5 exf5 32. Qg3 Rb7 33. Rxb7 Kxb7
34. Qa3 1-0

[Event "Blumenau Region-ch sf"]
[Site "Blumenau"]
[Date "2015.10.31"]
[Round "4"]
[White "Mekhitarian, Krikor Sevag"]
[Black "Umetsubo, Cesar Hidemitsu"]
[Result "1-0"]
[WhiteElo "2551"]
[BlackElo "2374"]
[PlyCount "97"]
[EventDate "2015.10.30"]
[EventType "swiss"]
[EventRounds "7"]
[EventCountry "BRA"]
[SourceTitle "CBM 169 Extra"]
[Source "ChessBase"]
[SourceDate "2015.12.18"]
[SourceVersion "1"]
[SourceVersionDate "2015.12.18"]
[SourceQuality "1"]

1. d4 Nf6 2. Nf3 g6 3. c4 Bg7 4. Nc3 O-O 5. e4 d6 6. h3 e5 7. d5 a5 8. Be3 Na6
9. g4 Nc5 10. Nd2 c6 11. Be2 cxd5 12. cxd5 Bd7 13. a4 Rc8 14. f3 Qb6 15. Nc4
Qc7 16. Rc1 Ne8 17. Nb5 Bxb5 18. axb5 f5 19. O-O Qd8 20. exf5 gxf5 21. f4 Ne4
22. Kg2 exf4 23. Bxf4 Rc5 24. Ne3 fxg4 25. hxg4 N8f6 26. Rxc5 dxc5 27. d6 Kh8
28. Nf5 Nh5 29. Bh2 Qg5 30. Nxg7 Qxg7 31. Rxf8+ Qxf8 32. gxh5 Qf2+ 33. Kh1 Qh4
34. Qg1 Nxd6 35. Qg3 Qe4+ 36. Kg1 Nf7 37. Qc3+ Kg8 38. Qg3+ Kf8 39. Qd3 Qb4 40.
b3 Qh4 41. Bg3 Qg5 42. Kh2 h6 43. Bf3 b6 44. Qe2 Qf5 45. Bg4 Qf6 46. Be6 Ng5
47. Bd7 Nf7 48. Bc6 Qf5 49. Bg2 1-0